[Event "Titled Tue 27th May Early"]
[Site "chess.com INT"]
[Date "2025.05.27"]
[Round "7"]
[White "Nguyen, Ngoc Truong Son"]
[Black "Le, Tuan Minh"]
[Result "1-0"]
[WhiteTitle "GM"]
[BlackTitle "GM"]
[WhiteElo "2632"]
[BlackElo "2598"]
[WhiteFideId "12401110"]
[BlackFideId "12401153"]
[EventDate "2025.05.27"]

1. e4 e5 2. Nf3 Nc6 3. Nc3 Nf6 4. d4 exd4 5. Nxd4 Bc5 6. Be3 Bb6 7. Qd2 O-O 8.
O-O-O Re8 9. f3 d6 10. Kb1 Be6 11. h4 Nxd4 12. Bxd4 Nd7 13. g4 Bxd4 14. Qxd4 Qf6
15. Qe3 Nb6 16. g5 Qe5 17. h5 Qa5 18. h6 g6 19. Bb5 Bxa2+ 20. Kc1 Re5 21. f4
Rxb5 22. Nxb5 Qxb5 23. Qc3 f6 24. Qxf6 Qd7 25. b3 Bxb3 26. cxb3 Rf8 27. Qc3 Rxf4
28. Rhf1 Rxf1 29. Rxf1 Qc6 30. Qxc6 bxc6 31. Kd2 Nd7 32. Ke3 Nc5 33. Ra1 Ne6 34.
Rxa7 Nxg5 35. Rxc7 c5 36. e5 dxe5 37. Rxc5 Kf8 38. b4 Ne6 39. Rxe5 1-0

[Event "Titled Tue 27th May Early"]
[Site "chess.com INT"]
[Date "2025.05.27"]
[Round "7"]
[White "Turcsanyi, Vince Gergo"]
[Black "Dauer, Andre Leonardo"]
[Result "0-1"]
[WhiteTitle "FM"]
[BlackTitle "CM"]
[WhiteElo "2321"]
[BlackElo "2138"]
[WhiteFideId "791784"]
[BlackFideId "2126915"]
[EventDate "2025.05.27"]

1. b3 e5 2. Bb2 Nc6 3. e3 Nf6 4. Nf3 e4 5. Nd4 Nxd4 6. Bxd4 d5 7. Bb2 Bg4 8. Be2
Bxe2 9. Qxe2 Bd6 10. Qb5+ c6 11. Qxb7 O-O 12. Nc3 Rc8 13. h3 Rc7 14. Qa6 Nd7 15.
Qe2 f5 16. d3 a5 17. a4 Nc5 18. dxe4 fxe4 19. O-O Rcf7 20. Ba3 Qf6 21. Bb2 Qe5
22. g3 Qg5 23. h4 Qg6 24. Kh2 Rxf2+ 25. Rxf2 Qxg3+ 26. Kh1 Rxf2 0-1

[Event "Titled Tue 27th May Early"]
[Site "chess.com INT"]
[Date "2025.05.27"]
[Round "7"]
[White "Dominguez, Ramiro"]
[Black "King, Alexander"]
[Result "0-1"]
[WhiteTitle "FM"]
[BlackTitle "FM"]
[WhiteElo "2185"]
[BlackElo "2263"]
[WhiteFideId "4420055"]
[BlackFideId "2063620"]
[EventDate "2025.05.27"]

1. e4 e6 2. d4 d5 3. Nd2 c5 4. Ngf3 Nc6 5. Bb5 a6 6. Bxc6+ bxc6 7. O-O Nf6 8.
Re1 Be7 9. c3 O-O 10. e5 Nd7 11. Nf1 a5 12. Ng3 cxd4 13. cxd4 c5 14. Be3 cxd4
15. Bxd4 a4 16. Nh5 Nc5 17. Rc1 Ne4 18. Nd2 Nxd2 19. Qxd2 Bd7 20. Re3 Re8 21.
Rg3 g6 22. Nf6+ Bxf6 23. exf6 e5 24. Rf3 Re6 25. Bxe5 Rxe5 26. Qd4 Qe8 27. h3
Re1+ 28. Rxe1 Qxe1+ 29. Kh2 Re8 30. Qh4 h5 31. g3 Qe5 32. Rf4 Qxb2 33. Qg5 Kh7
34. g4 Qe5 35. Qh4 Rb8 36. Qg3 g5 37. Qd3+ Kh6 38. Qd4 Qxf4+ 39. Qxf4 gxf4 40.
Kg2 hxg4 41. hxg4 Bxg4 0-1

[Event "Titled Tue 27th May Early"]
[Site "chess.com INT"]
[Date "2025.05.27"]
[Round "7"]
[White "Chan, Kim Yew"]
[Black "Germanovs, Georgijs"]
[Result "1-0"]
[WhiteTitle "FM"]
[BlackTitle "CM"]
[WhiteElo "2304"]
[BlackElo "2255"]
[WhiteFideId "5717981"]
[BlackFideId "11609710"]
[EventDate "2025.05.27"]

1. c4 e6 2. Nc3 d5 3. e3 Nf6 4. b3 c5 5. cxd5 exd5 6. Bb5+ Nc6 7. Nf3 d4 8. Na4
Bd7 9. O-O Be7 10. exd4 Nxd4 11. Nxd4 cxd4 12. Bxd7+ Qxd7 13. Re1 O-O 14. Nb2 d3
15. Qf3 Rad8 16. Nc4 Bc5 17. Bb2 Bd4 18. Bxd4 Qxd4 19. Qxb7 Rfe8 20. Qf3 Re2 21.
Rac1 Rde8 22. Ne3 Rxd2 23. Nf5 Rde2 24. Qxe2 Qd7 25. Ne7+ Kf8 26. Qd2 Rxe7 27.
Rxe7 Kxe7 28. Rd1 Qg4 29. Qxd3 Ne8 30. Qe3+ Kf6 31. Re1 Nc7 32. Qe5+ Kg6 33.
Qxc7 f6 34. Qg3 Qg5 35. Qxg5+ fxg5 36. Re7 1-0

[Event "Titled Tue 27th May Early"]
[Site "chess.com INT"]
[Date "2025.05.27"]
[Round "7"]
[White "Papacek, Stepan"]
[Black "Fernandes, Rogerio Paulo Muller"]
[Result "0-1"]
[WhiteTitle "FM"]
[WhiteElo "2225"]
[BlackElo "2241"]
[WhiteFideId "301035"]
[BlackFideId "2101599"]
[EventDate "2025.05.27"]

1. e4 e6 2. d4 d5 3. e5 c5 4. c3 Nc6 5. Nf3 Qb6 6. g3 cxd4 7. cxd4 Nh6 8. Bh3
Qa6 9. Nc3 Nb4 10. Bf1 Qb6 11. a3 Nc6 12. Bd3 Bd7 13. Na4 Qd8 14. O-O Nf5 15.
Bxf5 exf5 16. h4 h6 17. b4 Be6 18. Nc5 b6 19. Nd3 Be7 20. Qa4 Rc8 21. Bd2 Qd7
22. Qd1 O-O 23. Be3 Rc7 24. Qd2 Rfc8 25. Kg2 Bf8 26. Rh1 Ne7 27. Rac1 Rxc1 28.
Rxc1 Rxc1 29. Qxc1 Qc6 30. Qxc6 Nxc6 31. Kf1 a6 32. Ke2 Na7 0-1

[Event "Titled Tue 27th May Early"]
[Site "chess.com INT"]
[Date "2025.05.27"]
[Round "7"]
[White "Gustafsson, Jan"]
[Black "Karpenko, Anton"]
[Result "1-0"]
[WhiteTitle "GM"]
[BlackTitle "CM"]
[WhiteElo "2591"]
[BlackElo "2218"]
[WhiteFideId "4625498"]
[BlackFideId "34374353"]
[EventDate "2025.05.27"]

1. Nf3 c5 2. c4 Nf6 3. b3 g6 4. Bb2 Bg7 5. g3 O-O 6. Bg2 Nc6 7. O-O d6 8. d4 d5
9. dxc5 dxc4 10. bxc4 Ne4 11. Bxg7 Kxg7 12. Qc2 Nxc5 13. Nc3 Be6 14. Rfd1 Qa5
15. Nd5 Qa3 16. Ng5 Bf5 17. e4 Bg4 18. f3 Bd7 19. Qf2 h6 20. Nh3 Bxh3 21. Bxh3
a6 22. Rab1 e6 23. Nb4 Nxb4 24. Qxc5 a5 25. Qe5+ Kh7 26. Rd7 Qe3+ 27. Kh1 Nd3
28. Qf6 Kg8 29. Bxe6 Nc5 30. Qxg6+ Kh8 31. Qf6+ Kg8 32. Bxf7+ Kh7 33. Bg6+ 1-0

[Event "Titled Tue 27th May Early"]
[Site "chess.com INT"]
[Date "2025.05.27"]
[Round "7"]
[White "Vasilenok, Anton"]
[Black "Lloret Ramis, Juan Jose"]
[Result "1-0"]
[WhiteTitle "CM"]
[BlackTitle "FM"]
[WhiteElo "2137"]
[BlackElo "2019"]
[WhiteFideId "34133124"]
[BlackFideId "2204053"]
[EventDate "2025.05.27"]

1. d4 d5 2. c4 e6 3. Nf3 Nf6 4. Nc3 c5 5. cxd5 Nxd5 6. Nxd5 Qxd5 7. g3 cxd4 8.
Qxd4 Qxd4 9. Nxd4 Bb4+ 10. Bd2 Bxd2+ 11. Kxd2 Bd7 12. e3 Nc6 13. Nb5 Ke7 14. Bg2
Ne5 15. Nc3 Nc4+ 16. Kc2 Rac8 17. b3 Nd6 18. Kb2 Bc6 19. Bxc6 Rxc6 20. Rac1 Rhc8
21. Ne2 Ne4 22. f3 Nf2 23. Rxc6 Rxc6 24. Rf1 Nd3+ 25. Kb1 e5 26. Rd1 Nc5 27. Nc3
a6 28. Nd5+ Ke8 29. Kb2 Rh6 30. h4 Rg6 31. g4 Rc6 32. a3 Ne6 33. b4 f6 34. Kb3
Rd6 35. Nxf6+ Ke7 36. Rxd6 Kxd6 37. Nxh7 Nc7 38. Ng5 Nd5 39. e4 Nf4 40. h5 Ke7
41. Kc4 Kf6 42. Nh7+ Kf7 43. Kc5 1-0

[Event "Titled Tue 27th May Early"]
[Site "chess.com INT"]
[Date "2025.05.27"]
[Round "7"]
[White "Hnatyshyn, Anastasiia"]
[Black "Goltsev, Dmitry"]
[Result "0-1"]
[WhiteTitle "WFM"]
[BlackTitle "FM"]
[WhiteElo "2159"]
[BlackElo "2183"]
[WhiteFideId "14198339"]
[BlackFideId "24176710"]
[EventDate "2025.05.27"]

1. Nc3 Nf6 2. e4 Nc6 3. d4 e6 4. e5 Nd5 5. Nxd5 exd5 6. f4 d6 7. Nf3 dxe5 8.
fxe5 Be7 9. Bd3 Bg4 10. c3 Qd7 11. O-O a6 12. b4 O-O 13. Qc2 h6 14. a4 Nd8 15.
h3 Be6 16. Be3 c6 17. Qd2 Bf5 18. Be2 Be4 19. Rf2 Ne6 20. Raf1 a5 21. b5 c5 22.
Nh2 cxd4 23. cxd4 Bb4 24. Qd1 Rac8 25. Bd3 Rc3 26. Bxe4 dxe4 27. Ng4 h5 28. Nf6+
gxf6 29. Qxh5 Ng7 30. Qh6 Rxe3 31. Qxe3 fxe5 32. dxe5 Qd5 33. Kh2 Bc5 34. Qg5
Bxf2 35. Rxf2 Re8 36. Rd2 Qxe5+ 37. Qxe5 Rxe5 38. Rd8+ Re8 39. Rd7 e3 0-1

[Event "Titled Tue 27th May Early"]
[Site "chess.com INT"]
[Date "2025.05.27"]
[Round "7"]
[White "Vingris, Mikelis"]
[Black "Maltsevskaya, Aleksandra"]
[Result "0-1"]
[BlackTitle "IM"]
[WhiteElo "2102"]
[BlackElo "2398"]
[WhiteFideId "11611731"]
[BlackFideId "24174041"]
[EventDate "2025.05.27"]

1. e4 c5 2. Nf3 Nc6 3. d4 cxd4 4. Nxd4 Nf6 5. Nc3 d6 6. Bc4 g6 7. f3 Bg7 8. Be3
O-O 9. Qd2 Bd7 10. O-O-O a6 11. Bb3 b5 12. g4 b4 13. Na4 Qa5 14. Nxc6 Bxc6 15.
Nb6 Rab8 16. Nc4 Qc7 17. g5 Nd7 18. Bd4 Bxd4 19. Qxd4 a5 20. a4 bxa3 21. Nxa3
Rxb3 22. cxb3 Bxe4+ 23. Kd2 Bxf3 24. h4 Nc5 25. Qe3 Bxh1 26. Rxh1 Qb7 27. Rh3
Qg2+ 28. Kc1 Rc8 29. Kb1 a4 30. bxa4 Nxa4 31. Qb3 Nxb2 32. h5 Na4 33. hxg6 hxg6
34. Nb5 Qf1+ 35. Ka2 Ra8 36. Ka3 Nc5+ 37. Kb4 Nxb3 38. Rxb3 Rb8 0-1

[Event "Titled Tue 27th May Early"]
[Site "chess.com INT"]
[Date "2025.05.27"]
[Round "7"]
[White "Mikhailovsky, Vladimir"]
[Black "Felix, Raphael"]
[Result "1-0"]
[WhiteTitle "CM"]
[BlackTitle "CM"]
[WhiteElo "2215"]
[BlackElo "2201"]
[WhiteFideId "34105414"]
[BlackFideId "14339544"]
[EventDate "2025.05.27"]

1. e4 c5 2. c3 Nf6 3. e5 Nd5 4. Nf3 d6 5. Bb5+ Bd7 6. Bc4 Nb6 7. Bxf7+ Kxf7 8.
e6+ Ke8 9. exd7+ Qxd7 10. O-O Nc6 11. d4 cxd4 12. cxd4 d5 13. Re1 h6 14. Nh4 Kd8
15. Ng6 Rg8 16. Qf3 Qe8 17. Qg4 Nd7 18. Nf4 Kc8 19. Qe6 Rh8 20. Qxd5 Nb6 21.
Qf5+ Qd7 22. Ne6 a6 23. Nc3 Kb8 24. d5 Nd8 25. Qf4+ Ka7 26. Nxf8 Qe8 27. Ne6
Nxe6 28. Rxe6 Rf8 29. Qd4 Rc8 30. Qxb6+ Kb8 31. Be3 1-0

[Event "Titled Tue 27th May Early"]
[Site "chess.com INT"]
[Date "2025.05.27"]
[Round "7"]
[White "May Sanchez, Andres Elias"]
[Black "Hobaica, Juan Pablo"]
[Result "0-1"]
[WhiteTitle "CM"]
[BlackTitle "IM"]
[WhiteElo "2209"]
[BlackElo "2412"]
[WhiteFideId "5150973"]
[BlackFideId "104159"]
[EventDate "2025.05.27"]

1. e4 c5 2. Nf3 d6 3. d4 cxd4 4. Nxd4 Nf6 5. Nc3 Nc6 6. g3 g6 7. Bg2 Bd7 8. O-O
Bg7 9. Nb3 O-O 10. Bg5 h6 11. Be3 Ne5 12. h3 Nc4 13. Bc1 b5 14. Kh2 Rc8 15. Nd4
Qb6 16. a3 Nxe4 17. Ndxb5 Nxc3 18. Nxc3 Nxb2 19. Bxb2 Qxb2 20. Nd5 Qxa1 21.
Nxe7+ Kh7 22. Qxd6 Rcd8 23. Rxa1 Bxa1 24. Qc7 Be6 25. Qxa7 Bd4 26. Qb7 Bxf2 27.
Be4 Rd7 28. Qb4 Rd4 29. Qb7 Rd2 30. Nxg6 Ba7+ 31. Kh1 Rb8 32. Nf4+ Kh8 33. Nxe6
Rxb7 34. Bxb7 fxe6 0-1

[Event "Titled Tue 27th May Early"]
[Site "chess.com INT"]
[Date "2025.05.27"]
[Round "7"]
[White "Khandhadia, Nivaan Rathin"]
[Black "Tursunalieva, Nurelina"]
[Result "0-1"]
[WhiteTitle "CM"]
[BlackTitle "WCM"]
[WhiteElo "2112"]
[BlackElo "1810"]
[WhiteFideId "25753274"]
[BlackFideId "13817329"]
[EventDate "2025.05.27"]

1. d4 Nf6 2. c4 g6 3. Nc3 Bg7 4. e4 d6 5. Be2 O-O 6. Nf3 e5 7. O-O Nbd7 8. d5 a5
9. Bd3 Nc5 10. Bc2 Ne8 11. a3 f5 12. Nd2 f4 13. Rb1 b6 14. b4 axb4 15. axb4 Na6
16. f3 g5 17. Ba4 Bd7 18. Bxd7 Qxd7 19. Ra1 Nf6 20. Ba3 g4 21. fxg4 Nxg4 22. Qb1
Ne3 23. Rf2 Ng4 24. Re2 Bh6 25. Nf3 Qg7 26. Bc1 Kh8 27. Qc2 Nxb4 0-1

[Event "Titled Tue 27th May Early"]
[Site "chess.com INT"]
[Date "2025.05.27"]
[Round "7"]
[White "Mica, Marek"]
[Black "Harshit, Ranjan Sahu"]
[Result "0-1"]
[WhiteTitle "FM"]
[BlackTitle "CM"]
[WhiteElo "2372"]
[BlackElo "2214"]
[WhiteFideId "382884"]
[BlackFideId "25638815"]
[EventDate "2025.05.27"]

1. Nf3 Nf6 2. g3 g6 3. Bg2 Bg7 4. O-O O-O 5. c4 d6 6. d4 Nc6 7. Nc3 e5 8. dxe5
dxe5 9. Bg5 Be6 10. Qc1 Qc8 11. Rd1 Ne8 12. Nd5 Nd6 13. Ne7+ Nxe7 14. Bxe7 Re8
15. Bxd6 cxd6 16. b3 Qc7 17. e4 h6 18. Nd2 Rad8 19. Nf1 f5 20. Qe3 f4 21. gxf4
exf4 22. Qxf4 Bxa1 23. Rxa1 Qg7 24. Rd1 Qf8 25. Qg3 Kg7 26. Ne3 b6 27. f4 Bc8
28. h4 Bb7 29. h5 Qf6 30. Nf5+ Kh7 31. hxg6+ Qxg6 32. Qxg6+ Kxg6 33. Nxd6 Bxe4
34. Rf1 Rxd6 35. Re1 Rde6 36. Bh3 Bf5 0-1

[Event "Titled Tue 27th May Early"]
[Site "chess.com INT"]
[Date "2025.05.27"]
[Round "7"]
[White "Souza dos Santos, Matheus Garcett"]
[Black "Brenke, Andreas"]
[Result "0-1"]
[BlackTitle "FM"]
[WhiteElo "1981"]
[BlackElo "2349"]
[WhiteFideId "2144492"]
[BlackFideId "4602900"]
[EventDate "2025.05.27"]

1. e4 c6 2. c4 d5 3. cxd5 cxd5 4. exd5 Nf6 5. Nc3 Nxd5 6. Nf3 Nc6 7. d4 a6 8.
Bc4 Be6 9. Qe2 Rc8 10. O-O Nxc3 11. bxc3 Nxd4 12. cxd4 Bxc4 13. Qe4 Bxf1 14.
Kxf1 e6 15. Qxb7 Bd6 16. Qxa6 O-O 17. Be3 Rc2 18. Qd3 Qc7 19. Ng5 g6 20. Ne4 Be7
21. Nc5 Rb2 22. Rc1 Qxh2 23. Rc2 Qh1+ 24. Ke2 Rxc2+ 25. Qxc2 Qxg2 26. a4 Qa8 27.
Qc3 h5 28. a5 h4 29. Ne4 Qxe4 30. Qc7 Bf6 31. a6 Qa8 32. Qb7 Qxb7 33. axb7 Rb8 0-1

[Event "Titled Tue 27th May Early"]
[Site "chess.com INT"]
[Date "2025.05.27"]
[Round "7"]
[White "Antoniou, Rafail"]
[Black "Sarveshwaran V"]
[Result "1-0"]
[WhiteTitle "CM"]
[BlackTitle "CM"]
[WhiteElo "2134"]
[BlackElo "2290"]
[WhiteFideId "5904390"]
[BlackFideId "25699016"]
[EventDate "2025.05.27"]

1. e4 c5 2. c3 d6 3. d4 Nd7 4. Nf3 e6 5. Bd3 Qc7 6. O-O Ngf6 7. h3 Be7 8. Bf4 e5
9. dxe5 dxe5 10. Bh2 O-O 11. Nbd2 Re8 12. Nc4 Bf8 13. Ne3 Qc6 14. Nd5 Nxd5 15.
exd5 Qh6 16. Bf5 Bd6 17. Re1 Qf6 18. Qc2 g6 19. Bd3 Re7 20. Nd2 Re8 21. Ne4 Qe7
22. f4 f5 23. Nxd6 Qxd6 24. fxe5 Qxd5 25. Qe2 Nb6 26. Rad1 Qe6 27. Bb5 Re7 28.
Rd6 Qf7 29. e6 Qf8 30. Red1 Bxe6 31. Rxe6 Rf7 32. Qe5 a6 33. Bf1 Nd7 34. Qd6 Qg7
35. Bc4 Nf8 36. Re7 Kh8 37. Rxf7 Qh6 38. Be5+ Kg8 39. Rxf8# 1-0

[Event "Titled Tue 27th May Early"]
[Site "chess.com INT"]
[Date "2025.05.27"]
[Round "7"]
[White "Mikhailova, Irina"]
[Black "Fellowes, Billy"]
[Result "0-1"]
[WhiteTitle "WGM"]
[BlackTitle "CM"]
[WhiteElo "2143"]
[BlackElo "2193"]
[WhiteFideId "4109040"]
[BlackFideId "483540"]
[EventDate "2025.05.27"]

1. d4 Nc6 2. Nf3 e6 3. c4 f5 4. g3 Nf6 5. Bg2 Be7 6. O-O O-O 7. Nc3 d6 8. d5 Ne5
9. Nd4 exd5 10. cxd5 Kh8 11. f4 Nf7 12. Ne6 Bxe6 13. dxe6 Nh6 14. Bxb7 Rb8 15.
Bf3 Qc8 16. Nd5 Qxe6 17. Nxc7 Qc4 18. Nd5 Bd8 19. b3 Qb5 20. Bb2 Nhg4 21. Nxf6
Bb6+ 22. Bd4 Nxf6 23. Bxb6 Qxb6+ 24. Kg2 Rfe8 25. Qd3 Qa5 26. Qxd6 Rbd8 27. Qc6
Qd2 28. Rf2 Qd4 29. Qc4 Qxa1 0-1

[Event "Titled Tue 27th May Early"]
[Site "chess.com INT"]
[Date "2025.05.27"]
[Round "7"]
[White "Andriienko, Artom"]
[Black "Velikanov, Alexander"]
[Result "0-1"]
[BlackTitle "IM"]
[WhiteElo "2153"]
[BlackElo "2372"]
[WhiteFideId "34129510"]
[BlackFideId "2039290"]
[EventDate "2025.05.27"]

1. e4 c5 2. Nf3 e6 3. c3 d5 4. e5 Nc6 5. d4 Nge7 6. Bd3 Nf5 7. Bc2 Nh4 8. Nxh4
Qxh4 9. Be3 cxd4 10. cxd4 Bb4+ 11. Nc3 Bd7 12. O-O Bxc3 13. bxc3 O-O 14. f4 f5
15. Bc1 Rfc8 16. Rf3 Qg4 17. Qe1 Nxd4 18. cxd4 Rxc2 19. Rg3 Qe2 20. Qxe2 Rxe2
21. Re3 Rc2 22. Ba3 Rac8 23. Bd6 Bb5 24. Rb3 Ba6 25. a4 Rd2 0-1

[Event "Titled Tue 27th May Early"]
[Site "chess.com INT"]
[Date "2025.05.27"]
[Round "7"]
[White "Demchenko, Yaroslav"]
[Black "Ramsdal, Jens Albert"]
[Result "0-1"]
[WhiteTitle "CM"]
[BlackTitle "FM"]
[WhiteElo "2286"]
[BlackElo "2351"]
[WhiteFideId "14186667"]
[BlackFideId "1429221"]
[EventDate "2025.05.27"]

1. Nf3 Nf6 2. b3 d5 3. Bb2 c5 4. e3 g6 5. d4 cxd4 6. exd4 Bg7 7. Bd3 O-O 8. O-O
Nc6 9. a3 Ne4 10. Nbd2 Bf5 11. Re1 Nxd2 12. Qxd2 Bxd3 13. Qxd3 e6 14. h4 h5 15.
g3 Rc8 16. Ng5 Qb6 17. Rad1 Na5 18. Bc3 Qc7 19. Bb4 Rfd8 20. Nxe6 fxe6 21. Qxg6
Nc6 22. Qxh5 Nxb4 23. axb4 Qf7 24. Qg4 Rxc2 25. f4 Qf5 26. Qf3 Qh3 27. Re2 Rxe2
28. Qxe2 Qxg3+ 29. Qg2 Qxg2+ 30. Kxg2 Rc8 31. Kf3 Rc3+ 32. Kg4 Rxb3 33. Rc1 Rxb4
34. Rc7 Rxd4 35. Rxb7 e5 36. h5 Rxf4+ 37. Kg5 Rf7 38. Rb8+ Kh7 39. Re8 Bh6+ 40.
Kg4 e4 41. Re5 e3 42. Rxd5 Re7 43. Rd1 e2 44. Re1 Bd2 0-1

[Event "Titled Tue 27th May Early"]
[Site "chess.com INT"]
[Date "2025.05.27"]
[Round "7"]
[White "Jacobsen, Mikkel Manosri"]
[Black "Rubio, Lloyd"]
[Result "1-0"]
[WhiteTitle "FM"]
[WhiteElo "2223"]
[BlackElo "2167"]
[WhiteFideId "1444514"]
[BlackFideId "5210453"]
[EventDate "2025.05.27"]

1. d4 Nf6 2. Nf3 g6 3. Bf4 Bg7 4. c3 O-O 5. Nbd2 d6 6. e4 c6 7. Be2 Nbd7 8. h3
Qe8 9. O-O e5 10. dxe5 dxe5 11. Be3 Nh5 12. Re1 Nf4 13. Bf1 Qe6 14. a4 h6 15. a5
Nf6 16. Bc4 Qe7 17. b4 Rd8 18. Qb3 Nh7 19. Bxf4 exf4 20. e5 Nf8 21. Ne4 Be6 22.
Nd6 Bxc4 23. Qxc4 Ne6 24. Rad1 Rd7 25. Nd4 Rad8 26. Nxe6 fxe6 27. Qxf4 Bxe5 28.
Rxe5 Rxd6 29. Rxd6 Rxd6 30. Qxh6 Qf6 31. Qe3 Kf7 32. Kh2 a6 33. g3 Rd1 34. h4
Rb1 35. Kg2 Rd1 36. Re4 Rd6 37. Rf4 1-0

[Event "Titled Tue 27th May Early"]
[Site "chess.com INT"]
[Date "2025.05.27"]
[Round "7"]
[White "Rose, Felix"]
[Black "Naranjo Moreno, Antonio"]
[Result "0-1"]
[WhiteTitle "CM"]
[BlackTitle "FM"]
[WhiteElo "2093"]
[BlackElo "2289"]
[WhiteFideId "5105722"]
[BlackFideId "2278626"]
[EventDate "2025.05.27"]

1. e4 e5 2. Nf3 Nc6 3. d4 exd4 4. Nxd4 Nf6 5. Nc3 Nxe4 6. Nxe4 Qe7 7. Qd3 d5 8.
Nxc6 bxc6 9. Be3 dxe4 10. Qc4 Qb4+ 11. c3 Qxc4 12. Bxc4 Bd6 13. O-O-O O-O 14. h3
Re8 15. Rd4 c5 16. Rd2 Rb8 17. Rhd1 Be6 18. Bd5 g6 19. a3 f5 20. Bxe6+ Rxe6 21.
Rd5 Rb5 22. c4 Ra5 23. g3 Kf7 24. Kc2 Ke7 25. Ra1 Re5 0-1

[Event "Titled Tue 27th May Early"]
[Site "chess.com INT"]
[Date "2025.05.27"]
[Round "7"]
[White "Toktomushev, Teimur"]
[Black "Bodemar, Jonathan"]
[Result "1-0"]
[WhiteTitle "FM"]
[BlackTitle "CM"]
[WhiteElo "2398"]
[BlackElo "2150"]
[WhiteFideId "14176726"]
[BlackFideId "6205488"]
[EventDate "2025.05.27"]

1. d4 Nf6 2. c4 e6 3. Nf3 d5 4. Nc3 dxc4 5. e3 a6 6. Bxc4 b5 7. Bb3 Bb7 8. O-O
Nbd7 9. e4 b4 10. e5 bxc3 11. exf6 gxf6 12. bxc3 Rg8 13. Re1 Be7 14. Bf4 a5 15.
Bg3 Nb6 16. Qd3 f5 17. Bxe6 fxe6 18. Rxe6 Be4 19. Rxe4 fxe4 20. Qxe4 Qd5 21.
Qxh7 Qf7 22. Qh3 Bd6 23. Re1+ Kf8 24. Qh6+ Qg7 25. Bxd6+ cxd6 26. Qxd6+ 1-0

[Event "Titled Tue 27th May Early"]
[Site "chess.com INT"]
[Date "2025.05.27"]
[Round "7"]
[White "Kislinsky, Alexey"]
[Black "Nagare Kaivalya Sandip"]
[Result "0-1"]
[WhiteTitle "GM"]
[BlackTitle "FM"]
[WhiteElo "2350"]
[BlackElo "2321"]
[WhiteFideId "14108801"]
[BlackFideId "25957929"]
[EventDate "2025.05.27"]

1. d4 Nf6 2. c4 e6 3. Nf3 Bb4+ 4. Nbd2 b6 5. g3 Bb7 6. Bg2 O-O 7. O-O d5 8. Qc2
c5 9. dxc5 Bxc5 10. a3 Nc6 11. b4 Be7 12. Bb2 Rc8 13. Qb3 d4 14. Rfd1 e5 15.
Nxe5 Nxe5 16. Bxb7 Rc7 17. Bg2 Rd7 18. Nf3 Neg4 19. h3 Nxf2 20. Kxf2 Ne4+ 21.
Kg1 Nxg3 22. Rd2 Bf6 23. Rad1 Re8 24. Qc2 Qe7 25. Bf1 Qe3+ 26. Kg2 Ne4 27. Qxe4
Qxe4 28. Bxd4 Red8 29. Bc3 Rxd2 30. Bxd2 Qxc4 31. Kf2 Qb3 32. Rc1 Qxa3 33. Bf4
Qxb4 34. e3 Qb2+ 35. Be2 Qxc1 0-1

[Event "Titled Tue 27th May Early"]
[Site "chess.com INT"]
[Date "2025.05.27"]
[Round "7"]
[White "Dishman, Stephen"]
[Black "Lazniewska, Zofia"]
[Result "1-0"]
[WhiteTitle "FM"]
[BlackTitle "WFM"]
[WhiteElo "2284"]
[BlackElo "1906"]
[WhiteFideId "403024"]
[BlackFideId "21847266"]
[EventDate "2025.05.27"]

1. d4 d5 2. Nf3 Nf6 3. c3 e6 4. Bf4 Be7 5. e3 O-O 6. Nbd2 c6 7. h4 Nbd7 8. Bd3
Re8 9. h5 Bf8 10. Ne5 Nxe5 11. Bxe5 Nd7 12. Qf3 Nxe5 13. dxe5 Qb6 14. O-O-O a5
15. Qf4 a4 16. h6 g6 17. Nf3 c5 18. Ng5 Re7 19. c4 a3 20. b3 dxc4 21. Bxc4 Bd7
22. Ne4 Bb5 23. Rd6 Qa5 24. Nf6+ Kh8 25. Kc2 Bxc4 26. Qxc4 Rd8 27. Rhd1 Rxd6 28.
exd6 Qd8 29. dxe7 Qxe7 30. Qf4 e5 31. Qg5 Qe6 32. Ne4 f5 33. Rd8 1-0

[Event "Titled Tue 27th May Early"]
[Site "chess.com INT"]
[Date "2025.05.27"]
[Round "7"]
[White "Khodabandeh, Milad"]
[Black "Ambrogi, Agustin"]
[Result "0-1"]
[WhiteTitle "CM"]
[BlackTitle "FM"]
[WhiteElo "1957"]
[BlackElo "2237"]
[WhiteFideId "12538620"]
[BlackFideId "170933"]
[EventDate "2025.05.27"]

1. e4 c5 2. Nf3 Nc6 3. d4 cxd4 4. Nxd4 e5 5. Nb5 a6 6. Nd6+ Bxd6 7. Qxd6 Qf6 8.
Qd1 Qg6 9. Nc3 d5 10. Qxd5 Nf6 11. Qd1 Bg4 12. f3 Rd8 13. Bd3 Be6 14. O-O O-O
15. Be3 Nb4 16. Qe2 Nxd3 17. cxd3 Nh5 18. Rfd1 Nf4 19. Bxf4 exf4 20. d4 f5 21.
d5 Bf7 22. e5 Qb6+ 23. Qf2 Qb4 24. e6 Bg6 25. a3 Qe7 26. Qd4 Rd6 27. Rd2 Rfd8
28. Rad1 Rxe6 29. dxe6 Rxd4 30. Rxd4 Qxe6 31. Rd8+ Be8 32. Kf1 Kf7 33. Re1 Qc4+
34. Re2 Bc6 35. Ke1 g5 36. Rc8 g4 37. Rc7+ Kf6 38. fxg4 fxg4 39. Rc8 f3 40. gxf3
gxf3 41. Rd2 Qe6+ 42. Kf2 Qxc8 0-1

[Event "Titled Tue 27th May Early"]
[Site "chess.com INT"]
[Date "2025.05.27"]
[Round "7"]
[White "Kjaergaard-Jensen, Jesper"]
[Black "Sabatier, Mathis"]
[Result "0-1"]
[WhiteTitle "CM"]
[BlackTitle "CM"]
[WhiteElo "2081"]
[BlackElo "2235"]
[WhiteFideId "1406990"]
[BlackFideId "26029685"]
[EventDate "2025.05.27"]

1. d4 d5 2. Nf3 Nf6 3. Bg5 e6 4. Nbd2 Be7 5. c3 h6 6. Bxf6 Bxf6 7. e4 c5 8. dxc5
O-O 9. e5 Be7 10. b4 a5 11. a3 axb4 12. axb4 Rxa1 13. Qxa1 Qc7 14. Bb5 Bd7 15.
Bxd7 Nxd7 16. O-O Nxe5 17. Nxe5 Qxe5 18. Re1 Qf4 19. Nf3 Bf6 20. Re3 Qc4 21. Qd1
Ra8 22. h3 Ra3 23. Nd2 Qa6 24. Qc2 Bg5 25. Rd3 Ra2 26. b5 Qa3 27. Nb1 Ra1 28.
Kh2 Qxc5 29. Qb2 Qa7 30. Qb4 Qxf2 31. Rf3 Qe1 32. Qd6 Rxb1 33. Qb8+ Kh7 34. Qxb7
Qe5+ 35. g3 Qe2+ 36. Rf2 Qxf2# 0-1